STN EN 716-2: 2001 (91 1019) [neplatná], Nábytok. Detské postieľky a skladacie detské postieľky do bytových priestorov Časť 2 Skúšobné metódy

Norma je identická s EN 716-2: 1995

Bibliographic Details
Corporate Author: LIGNOTESTING (Bratislava, Slovensko) (Translator)
Other Authors: Kyrczová, Jana (Translator)
Format: Book
Language:Slovak
English
PhysicalDescription:20 s. obr. 30 cm
Published: Bratislava Slovenský ústav technickej normalizácie 2001
Subjects:

MARC

LEADER 00000cam a2200000 a 4500
001 vtls009725067
003 SK-MaSNL
005 20260301130159.0
008 130117s2001 xo a f u 000 0 slo
015 |a SNBN2011/03-02843 
020 |c (cen. skup. 11) 
035 |a (SVKBBclas03)vtls000105595 
040 |a SNK  |b slo  |c SNK  |e AACR2 
041 1 |a slo  |h eng 
044 |a xo  |c SK 
046 |a m  |m 20011101 (účin.)  |n 20081001 (zruš.) 
072 7 |a 645  |x Nábytok  |2 konspekt 
080 |a 645.422  |2 2001 
080 |a 006.86  |2 2001 
080 |a (437.6)  |2 2001 
080 |a (4)  |2 2001 
080 |a (083)  |2 2001 
084 |a 97.140  |2 ICS 
130 0 |a STN 91 1019 (STN EN 716-2) [neplatná]  |9 477261 
245 1 0 |a STN EN 716-2: 2001 (91 1019) [neplatná], Nábytok. Detské postieľky a skladacie detské postieľky do bytových priestorov  |n Časť 2  |p Skúšobné metódy 
246 1 0 |a Nábytok 
246 1 0 |a Detské postieľky a skladacie detské postieľky do bytových priestorov 
246 1 0 |a Skúšobné metódy 
260 |a Bratislava  |b Slovenský ústav technickej normalizácie  |c 2001 
300 |a 20 s.  |b obr.  |c 30 cm 
500 |a Od 1.11.2001 nahrádza STN ISO 7175-2 zo septembra 1995 v celom rozsahu. Neplatná norma je uložená v archívnom fonde. 
500 |a Spracovateľ: LIGNOTESTING Bratislava, Jana Kyrczová 
500 |a Norma je nahradená normou STN EN 716-2 z októbra 2008 v celom rozsahu 
520 8 |a Norma je identická s EN 716-2: 1995 
540 |a STN vydané na akomkoľvek nosiči sa môžu rozmnožovať a rozširovať iba so súhlasom určenej právnicej osoby  |b SÚTN Bratislava  |c zákon 264/1999 Z. z. 
650 0 7 |a detské postieľky  |2 SVKBBPH  |9 321750 
650 0 7 |a technické normy a štandardy  |z Slovensko  |2 SVKBBPH  |9 79594 
650 0 7 |a technické normy a štandardy  |z krajiny Európskej únie  |2 SVKBBPH  |9 289341 
655 7 |a normy  |2 SVKBBPH  |9 70643 
700 1 |a Kyrczová, Jana  |4 trl  |9 477262 
710 2 |a LIGNOTESTING (Bratislava, Slovensko)  |4 trl  |9 33548 
710 2 |a Slovenský ústav technickej normalizácie (Bratislava, Slovensko).  |b Technická normalizačná komisia č. 16 Drevárske výrobky  |4 stn  |9 314404 
730 |a STN ISO 7175-2: 1995  |g neplatná od 1.11.2001  |9 477263 
774 1 8 |t STN EN 716-2: 2008  |d Bratislava : Slovenský ústav technickej normalizácie, 2008  |w vtls000298800 
958 |a OP 
999 |c 744690  |d 746620 
952 |a SNK  |b SNK  |y PREZ  |7 0  |p 17A0538996  |o snkSTN EN 716-2  |i snk2007/3239  |8 0  |0 0  |1 0  |4 0  |d 2007-02-05  |l 0  |r 2026-02-23 23:12:37  |w 2026-02-23 
952 |a SNK  |b SNK  |y PREZ  |7 0  |p 17A0538995  |o snkSTN EN 716-2 D1  |i snk2007/3240  |8 0  |0 0  |1 0  |4 0  |d 2007-02-05  |l 0  |r 2026-02-23 23:12:37  |w 2026-02-23